000 00315nam a22001337a 4500
008 170127b xxu||||| |||| 00| 0 eng d
020 _a9780812115611
041 _aeng
080 _211TH
_a61
100 _a3
101 _aSHM
245 _aBOYD'S INTRODUCTION TO THE STUDY OF DISEASE
_cSHELDON, H
942 _2udc
_cBK
999 _c3857
_d3857